000 00503nam a2200181Ia 4500
005 20250508152909.0
008 008 250505s9999 xx 000 0 eng d
037 _aTextual
040 _aFEDL
_beng
_cFEDL
041 _aeng
_2eng
084 _a573.2, CAL
_qFEDL
100 _aCalder Ritchie
245 0 _aInheritors: The story of man and the world he made
260 _aLondon, UK
_bHeinemann
_c1961
300 _axxv,345p.
942 _cTEXL
_h573.2, CAL
999 _c1339482
_d1339482